| 000 | 00981nam a2200253 i 4500 | ||
|---|---|---|---|
| 001 | 116159 | ||
| 003 | ES-MaACL | ||
| 005 | 20250815115026.0 | ||
| 007 | t| | ||
| 008 | 061121s1968 sp r ||||1| spa d | ||
| 080 | _a619(02) | ||
| 245 | 0 | 0 |
_aPatología y terapéutica especiales de los animales domésticos. _nII, _pEnfermedades de los órganos / _cFranz von Hutyra, Rudolf Manninger, Johannes Mócsy ; traducción de la 11ª ed. alemana por Clemente Sánchez-Garnica Montes. |
| 250 | _a2ª ed. | ||
| 260 |
_aBarcelona : _bLabor, _c1968. |
||
| 300 |
_a1 v. (XIX, 1033 p. : _bil. col. y n.) ; _c25 cm. |
||
| 650 | 7 |
_aPatología veterinaria _2embne _9136667 |
|
| 650 | 7 |
_aTerapéutica veterinaria _2embne _917482 |
|
| 700 | 1 |
_aHutyra, Ferenc ( _d1860-1934) _9172942 |
|
| 700 | 1 |
_aManninger, Rudolf. _976071 |
|
| 700 | 1 |
_aMócsy, Janós. _9172949 |
|
| 700 | 1 |
_aSánchez-Garnica Montes, Clemente. _9102666 |
|
| 852 |
_aES-MaACL _jP-382-Ter |
||
| 999 |
_c116159 _d116159 |
||